Jak nazywają się partnerki tych youtuberów. - Statystyki

Ogólne statystyki
  • Ten quiz został rozwiązany 290 razy
  • Średni wynik to 13 z 29
Statystyki odpowiedzi
Youtuber Parterka % Poprawnych
Karol Friz Wiśniewski Weronika
100%
danny.ferreri Weronika
100%
Kacper Blonsky Julia
74%
Naruciak Julia
74%
Weza Julia
74%
Tromba Maria
65%
JDabrowsky Sylwia
64%
Kaluch Wiktoria
61%
TheNitroZyniak Sandra
55%
Mateusz z Fit Lovers Pamela
54%
Mandzio Anna
51%
CzarekCzaruje Anna
51%
Izak Paulina
45%
Bladii Paulina
45%
Maciej Dąbrowski Zdupy Aleksandra
43%
Medusa Aleksandra
43%
Gilathiss Aleksandra
43%
Rezigiusz Agata
40%
SA Wardęga Monika
39%
Isamu Monika
39%
Luka Angelika
28%
Tomi Juniorsky Katarzyna
27%
Karolek Joanna
24%
Vertez Urszula
24%
dla_pieniedzy Urszula
24%
Kolega Ignacy Dominika
23%
LJayPL Patrycja
23%
Daniel Majewski Marita
17%
Rojson Renata
4%
Nie znaleziono quizów pasujących do podanych kryteriów
Rozkład punktacji
Procent ludzi z każdym wynikiem
Percentyl według liczby udzielonych odpowiedzi
Twoja historia wyników
Nie rozwiązałeś tego quizu